LEADER 01301nam a2200277 u 4500 001 000000070378 003 CaOOAMICUS 005 20070226122020.0 008 020506s2002 fr u000 u fre u 035 $a10928753 040 $aPUL$bita 100 1 $aSuarez-Nani, Tiziana.$0(OLS)http://pul/name/3354 245 14$aLes anges et la philosophie :$bsubjectivité et fonction cosmologique des substances séparées à la fin du XIIIe siècle /$cpar Tiziana Suarez-Nani. 260 $aParis :$bJ. Vrin,$c2002. 300 $a204 p. ;$c26 cm 490 1 $aEtudes de philosophie médiévale ;$v82 504 $aContiene bibliografia. 650 4$aAngeli.$0(OLS)http://pul/subject/1404 650 4$aFilosofia$xStoria$ySec. XIII.$0(OLS)http://pul/subject/697 830 0$aEtudes de philosophie médiévale ;$v82.$0(OLS)http://pul/title/1367 850 $aPUL 852 $aPUL$W1$xSL Filosofia 2$y80$mPhil A4 82$j91044$nBK-PRI$b $qStampati altre collocazioni$B91044$CPULBib$Z2$F91044 $H $81 941 1 $a10 961 $aINV: 87084 996 $6245$aLes anges et la philosophie :$bsubjectivité et fonction cosmologique des substances séparées à la fin du XIIIe siècle$9(OLS)http://pul/title/92797 996 $6260$aParis :$bJ. Vrin$9(OLS)http://pul/publisher/48393 LEADER 01179cam a2200301 a 4500 001 000000164424 003 CaOOAMICUS 005 20171121095313.0 008 171121s2012 enk b 000 u eng r 020 $z9781408187586* 032 $aLibriCat 040 $aPUL$bita 082 04$a234 100 1 $aWilliams, Rowan,$carciv. di Canterbury,$d1950-$0(OLS)http://pul/name/75799 245 10$aFaith in the public square /$cRowan Williams. 260 $aLondon, New York :$bBloomsbury ,$c©2012. 300 $avi, 344 p. ;$c24 cm. 504 $aBibliografia in nota. 650 4$aTeologia e società.$0(OLS)http://pul/subject/18824 650 4$aTeologia$ySec. XXI.$0(OLS)http://pul/subject/35482 850 $aPUL 852 $aPUL$W1$xSL Religione 3$y85$m234 WILRO 1$j188556$qDDC 21$B191722$CPULBib$Z2$F191722 $H130221 $81 941 1 $a9 996 $6020$z9781408187586*$9(OLS)http://pul/number/163283 996 $6082$a234$9(OLS)http://pul/classification/573 996 $6245$aFaith in the public square$9(OLS)http://pul/title/204103 996 $6260$aLondon, New York :$bBloomsbury $9(OLS)http://pul/publisher/82684